Search the Library Catalogue
| 000 -LEADER | |
|---|---|
| fixed length control field | 00494nam a2200181Ia 4500 |
| 008 - FIXED-LENGTH DATA ELEMENTS--GENERAL INFORMATION | |
| fixed length control field | 191130s2008##################000#0#eng## |
| 020 ## - INTERNATIONAL STANDARD BOOK NUMBER | |
| International Standard Book Number | 9781405328807 |
| 040 ## - CATALOGING SOURCE | |
| Original cataloging agency | ACL |
| Transcribing agency | ACL |
| 082 ## - DEWEY DECIMAL CLASSIFICATION NUMBER | |
| Classification number | 641.5 KAR |
| 100 ## - MAIN ENTRY--PERSONAL NAME | |
| Personal name | Karmel, Annabel |
| 245 ## - TITLE STATEMENT | |
| Title | Mummy and me cookbook |
| Statement of responsibility, etc. | Annabel Karmel |
| 260 ## - PUBLICATION, DISTRIBUTION, ETC. | |
| Place of publication, distribution, etc. | London |
| Name of publisher, distributor, etc. | Dorling Kindersley |
| Date of publication, distribution, etc. | 2008 |
| 300 ## - PHYSICAL DESCRIPTION | |
| Extent | 47 p. : col. ill. ; 28 cm |
| 650 ## - SUBJECT ADDED ENTRY--TOPICAL TERM | |
| Topical term or geographic name entry element | Juvenile audience |
| 990 ## - EQUIVALENCES OR CROSS-REFERENCES [LOCAL, CANADA] | |
| Link information for 9XX fields | a2843163ac10000c0605897bb5299631 |
| 991 ## - | |
| -- | 59949 |
| Withdrawn status | Lost status | Damaged status | Not for loan | Home library | Current library | Date acquired | Total Checkouts | Full call number | Barcode | Date last seen | Date last checked out | Price effective from | Koha item type |
|---|---|---|---|---|---|---|---|---|---|---|---|---|---|
| Anna Centenary Library | Anna Centenary Library | 09.10.2020 | 2 | 641.5 KAR | 415206 | 15.02.2025 | 02.02.2025 | 09.10.2020 | English Books |